Syndikovaný úver je ako vziať si spoločne taxík
Syndikovaný úver (syndicated loan) - charakteristika syndikovaného úveru. Syndikát alebo spoločenstvo bánk. Znaky syndikovanej úverovej zmluvy. Agent je partnerom dlžníka. Pružnosť a anonymita. Začínajúca dôvera bánk slovenským súdom. V slovenskom práve sa pojem syndikovaná úverová zmluva vôbec nesp...
Salvato in:
| Autore principale: | |
|---|---|
| Natura: | Capitolo di libro |
| Lingua: | slovacco |
| Soggetti: | |
| Tags: |
Nessun Tag, puoi essere il primo ad aggiungerne!!
|
MARC
| LEADER | 00000naa a2200000 4500 | ||
|---|---|---|---|
| 001 | r047133 | ||
| 005 | 20230921113717.5 | ||
| 041 | 0 | |a slo | |
| 044 | |a SK | ||
| 245 | 1 | 0 | |a Syndikovaný úver je ako vziať si spoločne taxík |c Peter Víglaský |
| 520 | |a Syndikovaný úver (syndicated loan) - charakteristika syndikovaného úveru. Syndikát alebo spoločenstvo bánk. Znaky syndikovanej úverovej zmluvy. Agent je partnerom dlžníka. Pružnosť a anonymita. Začínajúca dôvera bánk slovenským súdom. V slovenskom práve sa pojem syndikovaná úverová zmluva vôbec nespomína. | ||
| 610 | 2 | 0 | |a úver syndikovaný |
| 610 | 2 | 0 | |a banky |
| 610 | 2 | 0 | |a zmluvy úverové |
| 610 | 2 | 0 | |a flexibilita |
| 610 | 2 | 0 | |a súdy |
| 610 | 2 | 0 | |a Slovensko |
| 100 | 1 | |a Víglaský, Peter | |